Warrior Cats - Villains - Statistics

General Stats
  • This quiz has been taken 68 times
  • The average score is 11 of 15
Answer Stats
Hint Answer % Correct
Tried to kill Bluestar Tigerstar
96%
Leader of BloodClan Scourge
93%
Forced kits to become apprentices too early Brokenstar
91%
Half-brother of Brambleclaw Hawkfrost
89%
Loved Squirrelflight Ashfur
87%
Her kits were drowned Mapleshade
85%
Tigerstar's sidekick Darkstripe
78%
mountain lion Sharptooth
73%
Abandoned his son, Thunder Skystar / Clear Sky
73%
Exiled by Leafstar after stealing her kits to orchestrate a fake rescue Sol
73%
Son of One star and Smoke Darktail
64%
Had a crush on Spottedleaf Thistleclaw
58%
Star Flower's dad One Eye
56%
Plotted with Curlfeather to take over RiverClan Splashtail
45%
kidnapped Yarrowleaf's kits and killed Rowanstar Sleekwhisker
35%
No matching quizzes found
Score Distribution
Percent of People with Each Score
Percentile by Number Answered
Your Score History
You have not taken this quiz